[Event "HUN-chT U18"]
[Site "Budapest"]
[Date "2019.10.27"]
[Round "3.3"]
[White "Kocsis, Peter"]
[Black "Monduk, Ferenc"]
[Result "1/2-1/2"]
[WhiteElo "1929"]
[BlackElo "1987"]
[PlyCount "77"]
[EventDate "2019.10.26"]
[EventType "team-swiss"]
[EventRounds "7"]
[EventCountry "HUN"]
[SourceTitle "CBM 192 Extra"]
[Source "Chessbase"]
[SourceDate "2019.11.06"]
[SourceVersion "1"]
[SourceVersionDate "2019.11.06"]
[SourceQuality "1"]
[WhiteTeam "Penzugyor"]
[BlackTeam "Dunaharaszti"]
[WhiteTeamCountry "HUN"]
[BlackTeamCountry "HUN"]

1. Nf3 Nf6 2. b3 g6 3. Bb2 Bg7 4. e3 0-0 5. d4 d5 6. Bd3 Nbd7 7. 0-0 c6 8. c4 Re8 9. Nbd2 c5 10. Rc1 b6 11. dxc5 Nxc5 12. Bb1 dxc4 13. Nxc4 Bb7 14. Qe2 e6 15. Rfd1 Qe7 16. Be5 Nfe4 17. Bxg7 Kxg7 18. Qb2+ Kg8 19. Bc2 b5 20. Na5 Bd5 21. b4 Nb7 22. Nxb7 Qxb7 23. Bb3 Red8 24. Bxd5 Rxd5 25. Rxd5 Qxd5 26. Qd4 a5 27. a3 axb4 28. axb4 Qxd4 29. Nxd4 Nd6 30. h3 e5 31. Nc6 Nc4 32. Na5 Nxa5 33. Ra1 Kg7 34. Rxa5 Rxa5 35. bxa5 b4 36. a6 b3 37. a7 b2 38. a8Q b1Q+ 39. Kh2 1/2-1/2

[Event "HUN-chT2 Maroczy 1819"]
[Site "Hungary"]
[Date "2019.03.10"]
[Round "9.11"]
[White "Kocsis, Peter"]
[Black "Kovacsy, Barnabas"]
[Result "0-1"]
[WhiteElo "1895"]
[BlackElo "2128"]
[PlyCount "166"]
[EventDate "2018.09.23"]
[EventType "team-tourn"]
[EventRounds "11"]
[EventCountry "HUN"]
[SourceTitle "EXT 2020"]
[Source "ChessBase"]
[SourceDate "2019.10.17"]
[SourceVersion "1"]
[SourceVersionDate "2019.10.17"]
[SourceQuality "1"]
[WhiteTeam "Penzugyor II"]
[BlackTeam "Budapest MTK"]
[WhiteTeamCountry "HUN"]
[BlackTeamCountry "HUN"]

1. Nf3 Nf6 2. b3 g6 3. Bb2 d5 4. e3 Bg7 5. d4 0-0 6. Bd3 c5 7. Nbd2 Nc6 8. a3 b6 9. 0-0 Bb7 10. Qe2 Re8 11. Ne5 Nxe5 12. dxe5 Ne4 13. f4 Nxd2 14. Qxd2 Qc7 15. c4 dxc4 16. bxc4 Rad8 17. Qc2 Qc6 18. Rf2 e6 19. h3 Re7 20. Rd1 Red7 21. Rfd2 Bf8 22. Bf1 Be7 23. Kf2 Bh4+ 24. Ke2 b5 25. Rxd7 Rxd7 26. Rxd7 Qxd7 27. Qd3 Qxd3+ 28. Kxd3 bxc4+ 29. Kd2 Bg3 30. a4 Bc6 31. Ba3 Bxa4 32. Bxc5 Bb5 33. Kc3 g5 34. Bxc4 Bc6 35. Bf1 gxf4 36. exf4 Bxf4 37. Bxa7 Bxe5+ 38. Bd4 Bg3 39. Bf6 Kf8 40. Kd4 Ke8 41. h4 Kd7 42. Bd3 Bxg2 43. Bxh7 Bf3 44. Bd3 Kd6 45. Ke3 Bh5 46. Be2 Bxe2 47. Kxe2 Be5 48. Bg5 Bh8 49. Kf3 Ke5 50. Kg4 Ke4 51. h5 f5+ 52. Kg3 e5 53. Be7 Ke3 54. Bg5+ Ke4 55. Be7 Kd5 56. Bg5 Ke6 57. Kf3 Bf6 58. Bh6 Kf7 59. Ke3 Bh4 60. Kf3 Kf6 61. Bf8 Bg5 62. Bd6 e4+ 63. Kg3 Bh6 64. Bc7 Kg5 65. Bf4+ Kxh5 66. Bb8 Kg6 67. Be5 Bg5 68. Bc7 Kf7 69. Bb8 Ke6 70. Bc7 Kd5 71. Bb6 Kc4 72. Ba7 Kd3 73. Kf2 f4 74. Bb6 Bh4+ 75. Kf1 e3 76. Kg2 e2 77. Ba5 Ke4 78. Kh3 f3 79. Kxh4 f2 80. Kg3 f1Q 81. Be1 Qg1+ 82. Kh3 Kf3 83. Bf2 Qh1# 0-1

[Event "Budapest-chT1 Lilienthal 1718"]
[Site "Budapest"]
[Date "2018.02.25"]
[Round "10"]
[White "Karacsonyi, Kata"]
[Black "Kocsis, Peter"]
[Result "1/2-1/2"]
[WhiteElo "1763"]
[BlackElo "1764"]
[PlyCount "115"]
[EventDate "2017.10.01"]
[EventType "team-tourn"]
[EventRounds "13"]
[EventCountry "HUN"]
[SourceTitle "EXT 2021"]
[Source "ChessBase"]
[SourceDate "2020.10.23"]
[SourceVersion "1"]
[SourceVersionDate "2020.10.23"]
[SourceQuality "1"]
[WhiteTeam "Aquarena III"]
[BlackTeam "SENSE"]
[WhiteTeamCountry "HUN"]
[BlackTeamCountry "HUN"]

1. e4 c6 2. d4 d5 3. exd5 cxd5 4. Bd3 Nc6 5. c3 Nf6 6. Bg5 Be6 7. Nd2 Rc8 8. Ngf3 a6 9. 0-0 h6 10. Bf4 Qd7 11. Nb3 Bg4 12. Nc5 Qd8 13. Re1 Qb6 14. h3 Bxf3 15. Qxf3 e6 16. b4 Be7 17. Qe3 Nd8 18. a4 Bd6 19. Rab1 Bxf4 20. Qxf4 Qc7 21. Qe3 0-0 22. Rec1 Nd7 23. c4 Nxc5 24. dxc5 dxc4 25. Rxc4 Nc6 26. Qe4 g6 27. f4 Rfd8 28. b5 Na5 29. Rc3 Rd5 30. Rbc1 axb5 31. axb5 Qd8 32. Be2 Qe7 33. Qe3 Qf6 34. Ra3 Qd8 35. Rca1 Ra8 36. Qc3 b6 37. cxb6 Qxb6+ 38. Kh1 Rc5 39. Qe1 Rc2 40. Rxa5 Rxa5 41. Rxa5 Qe3 42. Ra1 Qxe2 43. Qxe2 Rxe2 44. Rb1 Rc2 45. b6 Rc8 46. Kg1 Kf8 47. Kf2 Ke7 48. Ke3 Rb8 49. Kd4 Kd6 50. g4 g5 51. Ke4 f6 52. h4 gxf4 53. Kxf4 Kc6 54. g5 hxg5+ 55. hxg5 fxg5+ 56. Kxg5 Rxb6 57. Rxb6+ Kxb6 58. Kf6 1/2-1/2

[Event "Budapest-chT1 Lilienthal 1718"]
[Site "Budapest"]
[Date "2017.10.15"]
[Round "2"]
[White "Kocsis, Peter"]
[Black "Cseke, Viktoria"]
[Result "1-0"]
[WhiteElo "1764"]
[BlackElo "1368"]
[PlyCount "117"]
[EventDate "2017.10.01"]
[EventType "team-tourn"]
[EventRounds "13"]
[EventCountry "HUN"]
[SourceTitle "EXT 2021"]
[Source "ChessBase"]
[SourceDate "2020.10.23"]
[SourceVersion "1"]
[SourceVersionDate "2020.10.23"]
[SourceQuality "1"]
[WhiteTeam "SENSE"]
[BlackTeam "Mattolda"]
[WhiteTeamCountry "HUN"]
[BlackTeamCountry "HUN"]

1. d4 d5 2. g3 Nf6 3. Bg2 Bf5 4. Nf3 e6 5. 0-0 Bd6 6. c4 c6 7. Nbd2 Nbd7 8. b3 e5 9. dxe5 Nxe5 10. Bb2 Ng6 11. Nd4 Bg4 12. h3 Bd7 13. e4 dxe4 14. Re1 0-0 15. Nxe4 Nxe4 16. Rxe4 f5 17. Ne6 Bxe6 18. Rxe6 Bc5 19. Qe2 f4 20. g4 f3 21. Bxf3 Nf4 22. Qe5 Nxe6 23. Qxe6+ Rf7 24. Rd1 Qe7 25. Qxe7 Rxe7 26. Bc3 Rf8 27. Kg2 Ref7 28. Rd3 a6 29. b4 Bd6 30. b5 axb5 31. cxb5 Bc5 32. Be1 Re7 33. bxc6 bxc6 34. Kf1 Ra8 35. Bxc6 Ra3 36. Rd5 Rxa2 37. Rd8+ Re8 38. Rxe8+ Kf7 39. Bd5+ Kxe8 40. Bxa2 Kf8 41. Ke2 Ke8 42. f4 Ke7 43. Kf3 Bd4 44. Bb4+ Kf6 45. Ke4 Bb2 46. h4 h6 47. f5 Ba1 48. Kf4 Be5+ 49. Ke4 Bg3 50. Bc3+ Ke7 51. Bxg7 Bxh4 52. Bxh6 Bf6 53. g5 Bh8 54. g6 Kf6 55. g7 Bxg7 56. Bxg7+ Kxg7 57. Ke5 Kf8 58. Kf6 Ke8 59. Kg7 1-0

[Event "HUN-ch U10"]
[Site "Balatonlelle"]
[Date "2016.06.30"]
[Round "9"]
[White "Kocsis, Peter"]
[Black "Pasztor, Balazs"]
[Result "1/2-1/2"]
[WhiteElo "1591"]
[BlackElo "1692"]
[PlyCount "44"]
[EventDate "2016.06.24"]
[EventType "swiss"]
[EventRounds "9"]
[EventCountry "HUN"]
[SourceTitle "CBM 173 Extra"]
[Source "ChessBase"]
[SourceDate "2016.08.29"]
[SourceVersion "1"]
[SourceVersionDate "2016.08.29"]
[SourceQuality "1"]

1. c4 c5 2. Nc3 Nf6 3. g3 d5 4. cxd5 Nxd5 5. Bg2 Nc7 6. Nf3 Nc6 7. 0-0 e5 8. d3 Be7 9. Nd2 0-0 10. Nc4 f6 11. f4 Be6 12. Kh1 Qd7 13. Be3 Bh3 14. b3 Bxg2+ 15. Kxg2 Nd5 16. Nxd5 Qxd5+ 17. Kg1 b6 18. Qd2 Nd4 19. Bxd4 cxd4 20. fxe5 fxe5 21. h4 Rad8 22. Rab1 h6 1/2-1/2

[Event "HUN-ch U10"]
[Site "Balatonlelle"]
[Date "2016.06.27"]
[Round "5"]
[White "Kocsis, Peter"]
[Black "Szalay Ocsak, Bank"]
[Result "1/2-1/2"]
[WhiteElo "1591"]
[BlackElo "1144"]
[PlyCount "54"]
[EventDate "2016.06.24"]
[EventType "swiss"]
[EventRounds "9"]
[EventCountry "HUN"]
[SourceTitle "CBM 173 Extra"]
[Source "ChessBase"]
[SourceDate "2016.08.29"]
[SourceVersion "1"]
[SourceVersionDate "2016.08.29"]
[SourceQuality "1"]

1. c4 Nf6 2. Nc3 g6 3. g3 Bg7 4. Bg2 0-0 5. d3 d6 6. e4 c5 7. Nge2 Nc6 8. 0-0 a6 9. Be3 Ng4 10. Qd2 Nxe3 11. fxe3 Ne5 12. Rab1 Rb8 13. a3 b5 14. b3 Bg4 15. h3 Bxe2 16. Nxe2 Qc7 17. Rfc1 Qd7 18. Kh1 Rfd8 19. Nc3 e6 20. Rd1 Nc6 21. Kh2 Kh8 22. Kh1 Kg8 23. Ne2 Qa7 24. Kh2 Kh8 25. Rf1 Kg8 26. Kh1 Kh8 27. Rfc1 Kg8 1/2-1/2